| 000 | 00976nam a2200253 a 4500 | ||
|---|---|---|---|
| 001 | BRCA_7442 | ||
| 005 | 20190320205834.0 | ||
| 008 | 110413s1935----mx-a######---#000-0#spa-# | ||
| 041 | _aspa | ||
| 044 | _amx | ||
| 050 | 4 |
_aZ1412 _b.V35 1935 |
|
| 100 | 1 |
_aValton, Emilio _918328 |
|
| 245 | 1 | 0 |
_aImpresos mexicanos del siglo XVI (incunables americanos) en la Biblioteca Nacional de México, el Museo Nacional y el Archivo General de la Nación _bestudio bibliográfico precedido de una introducción sobre los orígenes de la imprenta en América _cpor Emilio Valton. |
| 260 |
_aMéxico _bImp. Universitaria _c1935 |
||
| 300 |
_axxxi, 244 p. _bil., 52 láminas |
||
| 500 | _aEjemplar numerado 273 de 750 | ||
| 500 | _aQ195 | ||
| 650 | 1 | 4 |
_aLiteratura mexicana _vBibliografía _98169 |
| 650 | 1 | 4 |
_aImprenta _xHistoria _zMéxico _95745 |
| 650 | 1 | 4 |
_aBibliografía _xPrimeros libros impresos _zSiglo XV-XVI _918329 |
| 650 | 1 | 4 |
_aIncunables _97417 |
| 902 | _aGFM | ||
| 942 |
_2lcc _cB |
||
| 999 |
_c7118 _d7118 |
||